000 00583nam a2200217Ia 4500
003 OSt
005 20220926042254.0
006 a|||||r|||| 00| 0
007 ta
008 220923b |||||||| |||| 00| 0 eng d
037 _cGeneral Book
040 _aRTL
_cRTL
_beng
041 _2eng
_aeng
082 _aU.71.N5, J9;2
100 _aShaw Earl B.
245 0 _aAnglo - America
_b A regional geography Cartography
260 _c1959
650 _aGeography - American
_9249050
942 _hU.71.N5, J9;2
_cGB
_2CC
999 _c669342
_d669342